00398nam a22001457a 450000500170000000800410001702000080005808200210006624500440008725000120013126000430014330000240018649000340021065000080024420260424114118.0260424b |||||||| |||| 00| 0 eng d qhbk a348.7346 UNI.165 aUnited states supreme court reports 165 aLawyers acolorado springs:bLexis Nexis,c2005. axlix,1113p.c;24cm. vvol.547 u.s (part)and 548 U.S aLaw